000 00472nam a2200145Ia 4500
041 _aArabic
082 _a341 cut-988 ه
100 _a20260118u\\\\\\\\\\\y0engy0103\\\\ba
100 _aد.امجد هيكل
245 0 _aالمسؤلية الجنائية الفردية الدولية امام القضاء الجنائي الدولي
250 _aط1
260 _bدار النهضة العربية
_aالقاهرة - مصر
_c2009
300 _a601
942 _cBk
999 _c188588
_d188588